| 000 | 00612nam a22001697a 4500 | ||
|---|---|---|---|
| 003 | MACL | ||
| 005 | 20160726170343.0 | ||
| 008 | 160726b xxu||||| |||| 00| 0 eng d | ||
| 040 | _cMACL | ||
| 041 | _aHindi | ||
| 082 | _a333 RAS | ||
| 100 |
_aरस्तोगी, वन्दना _965437 |
||
| 245 |
_aप्राचीन भारत में पर्यावरण-चिन्तन _cवन्दना रस्तोगी |
||
| 260 |
_aजयपुर _bलिट़रेरी सर्किल _c2013 |
||
| 650 |
_aपर्यावरण _936465 |
||
| 942 |
_2ddc _cHIN |
||
| 999 |
_c55070 _d55070 |
||